Book of Meditations for every day in the year (Record no. 1418)
[ view plain ]
| 000 -LEADER | |
|---|---|
| fixed length control field | 006560000a22002050004500 |
| 003 - CONTROL NUMBER IDENTIFIER | |
| control field | LK-CoMWRAF |
| 005 - DATE AND TIME OF LATEST TRANSACTION | |
| control field | 20231127122638.0 |
| 008 - FIXED-LENGTH DATA ELEMENTS--GENERAL INFORMATION | |
| fixed length control field | 230817t1976 ||||| |||| 00| 0 eng d |
| 040 ## - CATALOGING SOURCE | |
| Original cataloging agency | LK-CoMWRAF |
| Modifying agency | LK-CoMWRAF |
| Description conventions | LK-CoMWRAF |
| 041 ## - LANGUAGE CODE | |
| Language code of text/sound track or separate title | English |
| 082 ## - DEWEY DECIMAL CLASSIFICATION NUMBER | |
| Classification number | 158.1 |
| Item number | ALL |
| 942 ## - ADDED ENTRY ELEMENTS (KOHA) | |
| Koha item type | Books |
| 100 ## - MAIN ENTRY--PERSONAL NAME | |
| Personal name | Allen, James |
| 700 ## - ADDED ENTRY--PERSONAL NAME | |
| Personal name | Lily L.Allen |
| Relator Term | editor |
| 245 ## - TITLE STATEMENT | |
| Title | Book of Meditations for every day in the year |
| 260 ## - PUBLICATION, DISTRIBUTION, ETC. (IMPRINT) | |
| Place of publication, distribution, etc. | Bombay: |
| Name of publisher, distributor, etc. | Wilco Publishing house, |
| Date of publication, distribution, etc. | 1971 |
| 300 ## - PHYSICAL DESCRIPTION | |
| Extent | 366 p. |
| 856 ## - ELECTRONIC LOCATION AND ACCESS | |
| Uniform Resource Identifier | <a href="https://ia800301.us.archive.org/21/items/JamesAllensBookOfMeditationsAndThoughtsForTheDay/JamesAllensBookOfMeditationsAndThoughts.pdf">https://ia800301.us.archive.org/21/items/JamesAllensBookOfMeditationsAndThoughtsForTheDay/JamesAllensBookOfMeditationsAndThoughts.pdf</a> |
| 650 ## - SUBJECT ADDED ENTRY--TOPICAL TERM | |
| Topical term or geographic name as entry element | MEDITATIONS |
| Withdrawn status | Lost status | Damaged status | Not for loan | Permanent Location | Current Location | Date acquired | Full call number | Barcode | Koha item type |
|---|---|---|---|---|---|---|---|---|---|
| Resource center, Muslim Women's Research And Action Forum | Resource center, Muslim Women's Research And Action Forum | 2023-08-17 | 158.1 ALL | RAF149 | Books |

